000 00488nam a22001817a 4500
003 NUST - PNEC
005 20170116180830.0
008 150623b xxu||||| |||| 00| 0 eng d
020 _a007Y664374
040 _cLIBRARY
082 _a511.024 CHA
100 _94167
_aChapra, Steven C.
245 _aNumerical methods for engineers
_cSteven C. Chapra
250 _a1ST ed
260 _aNew York
_bMcGraw-Hill Book Company
_cc1988.
650 _94569
_aNumerical
_xME
942 _2ddc
_cBK
999 _c63995
_d63995